Members of the Puerto Rico Senate - Statistics

General Stats
  • This quiz has been taken 4 times
  • The average score is 3 of 28
Answer Stats
Hint Answer % Correct
At-Large Puerto Rican Independence María De Lourdes Santiago
100%
At-Large New Progressive Thomas Rivera Schatz
100%
At-Large Project Dignity Joanne Rodríguez Veve
50%
At-Large Popular Democratic Ada Álvarez Conde
0%
At-Large Puerto Rican Independence Adrián González Costa
0%
At-Large New Progressive Ángel Antonio Toledo López
0%
3 New Progressive Brenda Pérez Soto
0%
2 New Progressive Carmelo Ríos Santiago
0%
At-Large Independent Eliezer Molina Pérez
0%
3 New Progressive Gabriel Gaby Gonzáles
0%
At-Large New Progressive Gregorio Matias Rosario
0%
8 New Progressive Hector Joaquin Sanchez Alvarez
0%
5 New Progressive Jamie Barlucea
0%
4 New Progressive Jeison Rosa Ramos
0%
At-Large Popular Democratic José Dalmau Santiago
0%
At-Large Popular Democratic José Santiago Rivera
0%
1 New Progressive Juan Morales Rodríguez
0%
4 New Progressive Karen M. Román Rodríguez
0%
7 New Progressive Luis Daniel Colón La Santa
0%
At-Large Popular Democratic Luis Javier Hernández Ortiz
0%
5 Popular Democratic Marially González
0%
8 New Progressive Marissa Jiménez
0%
2 New Progressive Migdalia Padilla Alvelo
0%
1 New Progressive Nitza Morán
0%
6 New Progressive Rafael Santos Ortiz
0%
At-Large New Progressive Roxanna Soto Aguilú
0%
7 New Progressive Wanda Soto
0%
6 New Progressive Wilmer Reyes Berrios
0%
No matching quizzes found
Score Distribution
Percent of People with Each Score
Percentile by Number Answered
Your Score History
You have not taken this quiz